| 000 | 00415nam a2200145Ia 4500 | ||
|---|---|---|---|
| 008 | 230917s9999||||xx |||||||||||||| ||und|| | ||
| 040 |
_e248038 _aMAIN |
||
| 041 | _aEnglish | ||
| 082 | _a353.5 T591H | ||
| 100 | _aTomar, Ketan Singh | ||
| 245 | 0 | _aHaryana mein mahila police thanon ki bhoomika: Rohtak va Sonipat jile ke mahila police thanon ka and adhyayan | |
| 260 | _c2017 | ||
| 300 | _a159 p. | ||
| 942 | _cTH | ||
| 999 |
_c127630 _d127630 |
||